Pennsylvania Trivia - Statistics

General Stats
  • This quiz has been taken 17 times
  • The average score is 6 of 10
Answer Stats
Hint Answer % Correct
Name of the founder of Pennsylvania William Penn
94%
Capital of Pennsylvania Harrisburg
88%
The three original counties of P.A. (Name One) Bucks, Chester, Philadelphia
81%
Pennsylvania's nickname Keystone
81%
College located in State College, Pennsylvania Penn State
75%
County renound for it's Amish population Lancaster
69%
Meaning on 'Pennsylvania' Penn's Woods
44%
Pittsburgh Equivalent to 'y'all' Yinz
44%
County bordering the above to the west York
25%
"The only town in Pennsylvania." Bloomsburg
13%
No matching quizzes found
Score Distribution
Percent of People with Each Score
Percentile by Number Answered
Your Score History
You have not taken this quiz